Bimbingan dan kaunseling : tugas guru dan kemahiran asas

Bibliographic Details
Main Author: Mohd Salleh Lebar
Format: Book
Published: Selangor : Longman , 1993
Subjects:

MARC

LEADER 00000cam a2200000 7i4500
001 0000003584
002 000003857
005 20000330.0
020 |a 9679764818 
090 0 0 |a 361.323   |b MOH 
100 0 |a Mohd Salleh Lebar 
245 0 0 |a Bimbingan dan kaunseling :   |b tugas guru dan kemahiran asas   |c Mohd Salleh Lebar 
260 |a Selangor :   |b Longman ,   |c 1993 
300 |a 152p. ;   |c 22cm. 
650 0 0 |a Counseling 
999 |a 037095   |b BUKU   |c PINJAMAN   |e PERPUSTAKAAN KOMUNITI PETALING JAYA